| 000 | 00580nam a2200193Ii 4500 | ||
|---|---|---|---|
| 003 | JO-AjNU | ||
| 008 | 230605s9999||||xx |||||||||||||| ||und|| | ||
| 040 |
_aJO-AjNU _bara _erda _cJO-AjNU |
||
| 041 | _aara | ||
| 050 | 1 | 4 | _aRL87 2009 |
| 100 | 3 |
_aقطيشات، رائدة راتب , _eauthor _950301 |
|
| 245 | 0 | 0 | _aبشرتك ناعمة كالحرير |
| 264 | 3 | 1 | _aعمان : البيت العتيق ،2009 |
| 300 | _a78ص | ||
| 336 |
_atext _btxt _2rdacontent |
||
| 337 |
_aunmediated _bn _2rdamedia |
||
| 338 |
_avolume _bnc _2rdacarrier |
||
| 650 | 4 |
_aالبشرة _950302 |
|
| 999 |
_aA22149 _c25717 _d25717 |
||